Statistics for Snowrunner Official Vehicles

Click here to take the quiz!

General Stats

  • This quiz has been taken 26 times
  • The average score is 24 of 81

Answer Stats

ManufacturerModel% Correct
ANKMK38
67%
PacificP16
61%
AramatsuForester
56%
VoronGrad
56%
HummerH2
56%
PacificP12
56%
TatraPHOENIX
56%
KirovetsK-700
50%
ANKMK38 CIVILIAN
50%
TUZ420 "Tatarin"
44%
DON71
44%
VoronAE-4380
44%
RoyalBM17
44%
ChevroletCK1500
44%
KirovetsK-7M
44%
ChevroletKodiak C70
44%
KHAN39 Marshall
39%
KRS58 "Bandit"
39%
Tayga6436
39%
Caterpillar745C
39%
YAR87
39%
FordCLT9000
39%
KHANLo4F
39%
GMCMH9500
39%
JeepWrangler
39%
Step310E
33%
Derry Longhorn3194
33%
Derry Longhorn4520
33%
ZiKZ605R
33%
Western Star6900 Twinsteer
33%
Azov73210
33%
Caterpillar770G
33%
JeepCJ7 Renegade
33%
FordF 750
33%
PacificP512 PF
33%
InternationalPaystar 5070
33%
Freightliner114SD
28%
Derry Special15C-177
28%
TUZ166
28%
Azov42-20 Antarctic
28%
Tayga6455B
28%
Tatra805
28%
TatraForce T815-7
28%
FreightlinerM916A1
28%
InternationalPaystar 5600TS
28%
TatraT813
28%
CaterpillarTH357
28%
KHAN317 Sentinel
22%
Navistar5000-MV
22%
Azov5319
22%
ZiKZ5368
22%
Azov64131
22%
KOLOB74760
22%
DAN96320
22%
GMCBrigadier 8000
22%
CorBY-4
22%
CaterpillarCT 680
22%
VoronD-53233
22%
Land RoverDefender 110
22%
Land RoverDefender 90
22%
not shown in-gameFleetstar F2070A
22%
InternationalLoadstar 1700
22%
TUZ16 "Actaeon"
17%
White Western Star4964
17%
Western Star49X
17%
ZiKZ566A
17%
ChevroletApache
17%
CaterpillarCT681
17%
RezvaniHercules 6x6
17%
InternationalHX 520
17%
InternationalTranstar 4070A
17%
TUZ108 "Warthog"
11%
Azov43-191 "Sprinter"
11%
BOAR45318
11%
Western Star47X NF 1424
11%
Western Star47X NF 1430
11%
Western Star57X
11%
KOLOB74941
11%
not shown in-gameScout 800
11%
Step33-64 "Crocodile"
6%
Step39331 "Pike"
6%

Score Distribution

Percentile by Number Answered

Percent of People with Each Score

Your Score History

You have not taken this quiz